header

Corruption in contemporary politics (Record no. 172691)

MARC details
000 -LEADER
fixed length control field 01259nam a22003254a 4500
082 04 - DEWEY DECIMAL CLASSIFICATION NUMBER
Classification number 364.1/323
245 00 - TITLE STATEMENT
Title Corruption in contemporary politics
260 ## - PUBLICATION, DISTRIBUTION, ETC. (IMPRINT)
Place of publication Houndmills, Basingstoke ;
-- New York :
Name of publisher Palgrave Macmillan,
Year of publication 2003.
300 ## - PHYSICAL DESCRIPTION
Number of Pages xiv, 274 p. :
Other physical details ill.
650 #0 - SUBJECT ADDED ENTRY--TOPICAL TERM
Topical Term Political corruption.
Topical Term Democracy.
Topical Term Comparative government.
700 1# - ADDED ENTRY--PERSONAL NAME
Personal name Bull, Martin J.
Personal name Newell, James.
856 40 - ELECTRONIC LOCATION AND ACCESS
Uniform Resource Identifier http://site.ebrary.com/lib/rucke/Doc?id=10057391

No items available.

© 2026 Rongo University
Contact us: librarian | system librarian | Rongo university